Loading...
| Social Science | 0 | 3 | 0 | 0 | 30 | 68 | 71.00 | 0 | 0 | 9.29 | 10.78 |
| History - European | 0 | 2 | 0 | 1 | 20 | 113 | 115.00 | 0 | 0 | 0.94 | 6.00 |
| Literature - World | 0 | 2 | 0 | 0 | 20 | 124 | 129.00 | 0 | 0 | 1.13 | 1.46 |
| Science - Biology | 0 | 2 | 1 | 0 | 15 | 91 | 95.50 | 0 | 0 | 2.95 | 9.85 |
| Fine Arts - Other | 0 | 1 | 0 | 0 | 10 | 91 | 91.00 | 0 | 1 | 2.96 | 7.69 |
| Fine Arts - Painting and Sculpture | 0 | 1 | 0 | 0 | 10 | 81 | 81.00 | 0 | 0 | 2.74 | 6.06 |
| History - American | 0 | 1 | 0 | 0 | 10 | 63 | 63.00 | 0 | 0 | 3.93 | 3.03 |
| Literature - British | 0 | 1 | 0 | 0 | 10 | 102 | 102.00 | 0 | 0 | 2.74 | 2.80 |
| Mythology | 0 | 1 | 0 | 0 | 10 | 125 | 125.00 | 0 | 0 | 0.00 | 0.70 |
| Religion | 0 | 1 | 0 | 1 | 10 | 105 | 105.00 | 0 | 0 | 0.00 | 0.70 |
| Science - Chemistry | 0 | 1 | 0 | 0 | 10 | 32 | 32.00 | 1 | 1 | 6.58 | 9.09 |
| Literature - European | 0 | 1 | 1 | 0 | 5 | 141 | 141.00 | 0 | 0 | 0.00 | 1.52 |
| Literature - American | 0 | 1 | 1 | 0 | 5 | 127 | 127.00 | 0 | 0 | 1.07 | 4.20 |
| History - Other | 0 | 0 | 1 | 0 | -5 | 0.00 | 0 | 0 | 0.00 | 0.00 | |
| Philosophy | 0 | 0 | 1 | 0 | -5 | 0.00 | 0 | 0 | 0.00 | 0.00 |